Vývojové tendence investic a základních prostředků v členských zemích RVHP

Guardado en:
Detalles Bibliográficos
Autor principal: Švehlová, Eva
Otros Autores: Novotný, Karel
Formato: Libro
Lenguaje:checo
Publicado: Praha Ústředí vědeckých, technických a ekonomických informací 1984
Etiquetas: Agregar Etiqueta
Sin Etiquetas, Sea el primero en etiquetar este registro!

MARC

LEADER 00000nam a2200000 4500
001 c114354
005 20251204124730.3
041 0 |a cze 
044 |a CZ 
245 1 0 |a Vývojové tendence investic a základních prostředků v členských zemích RVHP  |c Eva Švehlová, Karel Novotný 
264 1 |a Praha  |b Ústředí vědeckých, technických a ekonomických informací  |c 1984 
300 |a 73 s. 
100 1 |a Švehlová, Eva 
700 1 |a Novotný, Karel